000 00818nam a22002057a 4500
003 JO-AjAnu
005 20241019115512.0
008 241019b jo ||||| |||| 00| 0 ara d
020 _a9789957608163
040 _aJO-AjAnu
_bara
_cJO-AjAnu
_dJO-AjAnu
_erda
050 _aN61.
_bA487 2016
100 1 _aالآلوسي، صفا لطفي
_eمؤلف
_966335
245 0 _aقراءة جمالية وتاريخية في التطور في الفنون الجزء الثاني /
_cتأليف صفا لطفي الآلوسي
250 _aالطبعة الاولى
260 _aعمان:
_bالدار المنهجية للنشر والتوزيع،
_c2016
300 _a256 صفحة
504 _aيحتوي على مراجع، يحتوي على صور
650 7 0 _aالفنون-الفلسفة
_966338
942 _2lcc
_cBK
_n0
999 _c33768
_d33768